<?xml version="1.0" encoding="UTF-8"?>
<record
    xmlns:xsi="http://www.w3.org/2001/XMLSchema-instance"
    xsi:schemaLocation="http://www.loc.gov/MARC21/slim http://www.loc.gov/standards/marcxml/schema/MARC21slim.xsd"
    xmlns="http://www.loc.gov/MARC21/slim">

  <leader>00797nam a2200241 a 4500</leader>
  <controlfield tag="001">25128</controlfield>
  <controlfield tag="003">BD-RjUL</controlfield>
  <controlfield tag="005">20211209050833.0</controlfield>
  <controlfield tag="008">140316r19671959enkab         001 0 eng d</controlfield>
  <datafield tag="035" ind1=" " ind2=" ">
    <subfield code="a">(BD-RjUL)25197</subfield>
  </datafield>
  <datafield tag="040" ind1=" " ind2=" ">
    <subfield code="a">BD-RjUL</subfield>
    <subfield code="b">eng</subfield>
    <subfield code="c">BD-RjUL</subfield>
    <subfield code="d">BD-RjUL</subfield>
  </datafield>
  <datafield tag="041" ind1=" " ind2=" ">
    <subfield code="a">eng</subfield>
  </datafield>
  <datafield tag="082" ind1=" " ind2=" ">
    <subfield code="a">950</subfield>
    <subfield code="b">PAA 1967</subfield>
  </datafield>
  <datafield tag="100" ind1="1" ind2=" ">
    <subfield code="a">Panikkar, K. M.</subfield>
    <subfield code="q">(Kavalam Madhava),</subfield>
    <subfield code="d">1896-1963.</subfield>
    <subfield code="9">68801</subfield>
  </datafield>
  <datafield tag="245" ind1="1" ind2="0">
    <subfield code="a">Asia and western dominance  :</subfield>
    <subfield code="b">a survey of the Vasco da Gama epoch of Asian history, 1498-1945 /</subfield>
    <subfield code="c">K.M. Panikkar.</subfield>
  </datafield>
  <datafield tag="250" ind1=" " ind2=" ">
    <subfield code="a">New ed.</subfield>
  </datafield>
  <datafield tag="260" ind1=" " ind2=" ">
    <subfield code="a">London :</subfield>
    <subfield code="b">George Allen &amp; Unwin,</subfield>
    <subfield code="c">c1959 [Reprinted 1967].</subfield>
  </datafield>
  <datafield tag="300" ind1=" " ind2=" ">
    <subfield code="a">350 p. :</subfield>
    <subfield code="b">ill., maps ;</subfield>
    <subfield code="c">22 cm.</subfield>
  </datafield>
  <datafield tag="504" ind1=" " ind2=" ">
    <subfield code="a">Includes bibliographies and index.</subfield>
  </datafield>
  <datafield tag="650" ind1=" " ind2=" ">
    <subfield code="a">Asia History.</subfield>
    <subfield code="9">43318</subfield>
  </datafield>
  <datafield tag="651" ind1=" " ind2="0">
    <subfield code="a">Asia</subfield>
    <subfield code="x">History.</subfield>
    <subfield code="9">77319</subfield>
  </datafield>
  <datafield tag="942" ind1=" " ind2=" ">
    <subfield code="2">ddc</subfield>
    <subfield code="c">BK</subfield>
  </datafield>
  <datafield tag="999" ind1=" " ind2=" ">
    <subfield code="c">25128</subfield>
    <subfield code="d">25128</subfield>
  </datafield>
  <datafield tag="952" ind1=" " ind2=" ">
    <subfield code="0">0</subfield>
    <subfield code="1">0</subfield>
    <subfield code="2">ddc</subfield>
    <subfield code="4">0</subfield>
    <subfield code="7">0</subfield>
    <subfield code="8">NFIC</subfield>
    <subfield code="a">RUCL</subfield>
    <subfield code="b">RUCL</subfield>
    <subfield code="c">Stack</subfield>
    <subfield code="d">1968-12-04</subfield>
    <subfield code="e">Zitlinger</subfield>
    <subfield code="g">22.60</subfield>
    <subfield code="l">0</subfield>
    <subfield code="o">950 PAA 1967</subfield>
    <subfield code="r">2014-03-18 00:00:00</subfield>
    <subfield code="t">C-6</subfield>
    <subfield code="w">2014-03-18</subfield>
    <subfield code="y">BK</subfield>
  </datafield>
  <datafield tag="952" ind1=" " ind2=" ">
    <subfield code="0">0</subfield>
    <subfield code="1">0</subfield>
    <subfield code="2">ddc</subfield>
    <subfield code="4">0</subfield>
    <subfield code="7">0</subfield>
    <subfield code="8">NFIC</subfield>
    <subfield code="a">RUCL</subfield>
    <subfield code="b">RUCL</subfield>
    <subfield code="c">Stack</subfield>
    <subfield code="d">1968-12-04</subfield>
    <subfield code="e">Zitlinger</subfield>
    <subfield code="g">22.60</subfield>
    <subfield code="l">0</subfield>
    <subfield code="o">950 PAA 1967</subfield>
    <subfield code="r">2014-03-18 00:00:00</subfield>
    <subfield code="t">C-7</subfield>
    <subfield code="w">2014-03-18</subfield>
    <subfield code="y">BK</subfield>
  </datafield>
  <datafield tag="952" ind1=" " ind2=" ">
    <subfield code="0">0</subfield>
    <subfield code="1">0</subfield>
    <subfield code="2">ddc</subfield>
    <subfield code="4">0</subfield>
    <subfield code="7">0</subfield>
    <subfield code="8">NFIC</subfield>
    <subfield code="a">RUCL</subfield>
    <subfield code="b">RUCL</subfield>
    <subfield code="c">Stack</subfield>
    <subfield code="d">1968-12-04</subfield>
    <subfield code="e">Zitlinger</subfield>
    <subfield code="g">22.60</subfield>
    <subfield code="l">0</subfield>
    <subfield code="o">950 PAA 1967</subfield>
    <subfield code="r">2014-03-18 00:00:00</subfield>
    <subfield code="t">C-8</subfield>
    <subfield code="w">2014-03-18</subfield>
    <subfield code="y">BK</subfield>
  </datafield>
  <datafield tag="952" ind1=" " ind2=" ">
    <subfield code="0">0</subfield>
    <subfield code="1">0</subfield>
    <subfield code="2">ddc</subfield>
    <subfield code="4">0</subfield>
    <subfield code="7">1</subfield>
    <subfield code="8">NFIC</subfield>
    <subfield code="a">RUCL</subfield>
    <subfield code="b">RUCL</subfield>
    <subfield code="c">Reading</subfield>
    <subfield code="d">1968-12-04</subfield>
    <subfield code="e">Zeitlinger</subfield>
    <subfield code="g">22.60</subfield>
    <subfield code="l">0</subfield>
    <subfield code="o">950 PAA 1967</subfield>
    <subfield code="r">2017-02-06 00:00:00</subfield>
    <subfield code="t">C-1</subfield>
    <subfield code="w">2017-02-06</subfield>
    <subfield code="y">BK</subfield>
  </datafield>
  <datafield tag="952" ind1=" " ind2=" ">
    <subfield code="0">0</subfield>
    <subfield code="1">0</subfield>
    <subfield code="2">ddc</subfield>
    <subfield code="4">0</subfield>
    <subfield code="7">0</subfield>
    <subfield code="8">NFIC</subfield>
    <subfield code="a">RUCL</subfield>
    <subfield code="b">RUCL</subfield>
    <subfield code="c">Stack</subfield>
    <subfield code="d">1955-06-08</subfield>
    <subfield code="e">Allies books cor.</subfield>
    <subfield code="g">16.14</subfield>
    <subfield code="l">0</subfield>
    <subfield code="o">950 PAA 1967</subfield>
    <subfield code="r">2017-03-05 00:00:00</subfield>
    <subfield code="t">C-2</subfield>
    <subfield code="w">2021-12-09</subfield>
    <subfield code="y">BK</subfield>
  </datafield>
  <datafield tag="952" ind1=" " ind2=" ">
    <subfield code="0">0</subfield>
    <subfield code="1">0</subfield>
    <subfield code="2">ddc</subfield>
    <subfield code="4">0</subfield>
    <subfield code="7">0</subfield>
    <subfield code="8">NFIC</subfield>
    <subfield code="a">RUCL</subfield>
    <subfield code="b">RUCL</subfield>
    <subfield code="c">GEN</subfield>
    <subfield code="d">1968-12-04</subfield>
    <subfield code="e">Zeitlinger</subfield>
    <subfield code="g">22.60</subfield>
    <subfield code="l">0</subfield>
    <subfield code="o">950 PAA 1967</subfield>
    <subfield code="r">2023-04-06 00:00:00</subfield>
    <subfield code="t">C-3</subfield>
    <subfield code="w">2023-04-06</subfield>
    <subfield code="y">BK</subfield>
  </datafield>
</record>
